PHARMACEUTICAL CHEMISTRY (Record no. 12110)

MARC details
000 -LEADER
fixed length control field 00407nam a22001697a 4500
003 - CONTROL NUMBER IDENTIFIER
control field OSt
008 - FIXED-LENGTH DATA ELEMENTS--GENERAL INFORMATION
fixed length control field 231017b |||||||| |||| 00| 0 eng d
020 ## - INTERNATIONAL STANDARD BOOK NUMBER
International Standard Book Number 9788194870975
082 ## - DEWEY DECIMAL CLASSIFICATION NUMBER
Classification number 615.19 AGP
100 ## - MAIN ENTRY--PERSONAL NAME
Personal name AGARWAL, R.K
245 ## - TITLE STATEMENT
Title PHARMACEUTICAL CHEMISTRY
250 ## - EDITION STATEMENT
Edition statement 4th
260 ## - PUBLICATION, DISTRIBUTION, ETC. (IMPRINT)
Place of publication, distribution, etc New Delhi
Name of publisher, distributor, etc CBS Pub.
Date of publication, distribution, etc 2024
300 ## - PHYSICAL DESCRIPTION
Extent 288
650 ## - SUBJECT ADDED ENTRY--TOPICAL TERM
Topical term or geographic name as entry element PHARMACEUTICAL INOGONIC CHEMISTRY
942 ## - ADDED ENTRY ELEMENTS (KOHA)
Source of classification or shelving scheme Dewey Decimal Classification
Koha item type Text Books
Holdings
Withdrawn status Lost status Source of classification or shelving scheme Damaged status Not for loan Collection code Home library Current library Date acquired Source of acquisition Currency Cost, normal purchase price Bill Number Total Checkouts Full call number Acc. no. / Barcode Date last seen Actual Cost, discounted price Bill Date Koha item type Date last borrowed
    Dewey Decimal Classification     B.Pharma PIET C-LIBRARY PIET C-LIBRARY 13/10/2023 KIRTI PRAKSHAN RUPEES 280.00 IN-1041   615.19 AGP BP2228 17/10/2023 224.00 05/10/2023 Text Books  
    Dewey Decimal Classification     B.Pharma PIET C-LIBRARY PIET C-LIBRARY 13/10/2023 KIRTI PRAKSHAN RUPEES 280.00 IN-1041 6 615.19 AGP BP2229 26/07/2024 224.00 05/10/2023 Text Books 08/07/2024
    Dewey Decimal Classification     B.Pharma PIET C-LIBRARY PIET C-LIBRARY 13/10/2023 KIRTI PRAKSHAN RUPEES 280.00 IN-1041 8 615.19 AGP BP2230 29/07/2024 224.00 05/10/2023 Text Books 24/07/2024
    Dewey Decimal Classification     B.Pharma PIET C-LIBRARY PIET C-LIBRARY 13/10/2023 KIRTI PRAKSHAN RUPEES 280.00 IN-1041 7 615.19 AGP BP2231 29/07/2024 224.00 05/10/2023 Text Books 15/07/2024
    Dewey Decimal Classification     B.Pharma PIET C-LIBRARY PIET C-LIBRARY 13/10/2023 KIRTI PRAKSHAN RUPEES 280.00 IN-1041 7 615.19 AGP BP2232 27/07/2024 224.00 05/10/2023 Text Books 16/07/2024
    Dewey Decimal Classification     B.Pharma PIET C-LIBRARY PIET C-LIBRARY 13/10/2023 KIRTI PRAKSHAN RUPEES 280.00 IN-1041 4 615.19 AGP BP2233 26/07/2024 224.00 05/10/2023 Text Books 15/07/2024
    Dewey Decimal Classification     B.Pharma PIET C-LIBRARY PIET C-LIBRARY 13/10/2023 KIRTI PRAKSHAN RUPEES 280.00 IN-1041 8 615.19 AGP BP2234 26/07/2024 224.00 05/10/2023 Text Books 24/07/2024
    Dewey Decimal Classification     B.Pharma PIET C-LIBRARY PIET C-LIBRARY 13/10/2023 KIRTI PRAKSHAN RUPEES 280.00 IN-1041 7 615.19 AGP BP2235 26/07/2024 224.00 05/10/2023 Text Books 22/07/2024

Design & Developed by: PIET Central Library
R70 Miles Stone Pattikalyana Samalkha Panipat 132102
mail ID :- [email protected], Phone No:- 0180-2569700 Ex.216